000 00500 a2200169 4500
001 189381
020 _a
040 _cMagnum
100 _aMinistério das Relações Exteriores
240 1 0 _aV curso para diplomatas sul-americanos
_lESP
245 1 0 _aV curso para diplomatas sul-americanos
300 _a258
362 0 _a2008
440 1 _aFundação Alexandre de Gusmão
697 _aRELALÇÕES INTERNACIONAIS, POLÍTICA MUNDIAL. POLÍTICA INTERNACIONAL. POLÍTICA EXTERNA
942 _cBK
999 _c189381
_d189381